Achieving universal energy access in India : (Record no. 93712)

MARC details
000 -LEADER
fixed length control field 00939nam a22002657a 4500
005 - DATE AND TIME OF LATEST TRANSACTION
control field 20150715152332.0
010 ## - LCCN (DPL NO)
LC control number ENG-113114
020 ## - INTERNATIONAL STANDARD BOOK NUMBER
International Standard Book Number 9789351501374
Terms of availability 900.00
035 ## - SYSTEM CONTROL NUMBER
System control number EN-96646
037 ## - SOURCE OF ACQUISITION
Source of stock number/acquisition DBAD/PUB
082 ## - DEWEY DECIMAL CLASSIFICATION NUMBER
Classification number 333.7932
100 ## - MAIN ENTRY--PERSONAL NAME
Personal name Maithani, P.C.
245 ## - TITLE STATEMENT
Title Achieving universal energy access in India :
Statement of responsibility, etc by P.C. Maithani [and] Deepak Gupta
Remainder of title challenges and the way forward /
260 ## - PUBLICATION, DISTRIBUTION, ETC. (IMPRINT)
Place of publication, distribution, etc New Delhi
Name of publisher, distributor, etc SAGE Publications
Date of publication, distribution, etc 2015
270 ## - ADDRESS
Address B1/I-1 Mohan Cooperative Industrial Area Mathura Road,
City New Delhi
Postal code 110044
300 ## - PHYSICAL DESCRIPTION
Extent 261p.
Dimensions 22cm(Hb)
500 ## - GENERAL NOTE
General note Includes bibliographical references and index
650 ## - SUBJECT ADDED ENTRY--TOPICAL TERM
Topical term or geographic name as entry element Rural electrification
Geographic subdivision India.
650 ## - SUBJECT ADDED ENTRY--TOPICAL TERM
Topical term or geographic name as entry element Energy development
Geographic subdivision India.
650 ## - SUBJECT ADDED ENTRY--TOPICAL TERM
Topical term or geographic name as entry element Renewable energy sources
Geographic subdivision India.
650 ## - SUBJECT ADDED ENTRY--TOPICAL TERM
Topical term or geographic name as entry element Energy policy
Geographic subdivision India.
650 ## - SUBJECT ADDED ENTRY--TOPICAL TERM
Topical term or geographic name as entry element Rural development
Geographic subdivision India.
700 ## - ADDED ENTRY--PERSONAL NAME
Personal name Gupta, Deepak
942 ## - ADDED ENTRY ELEMENTS (KOHA)
Source of classification or shelving scheme Dewey Decimal Classification
Item type English Books
Call number suffix MAI
Classification part 333.7932
Holdings
Withdrawn status Lost status Not for loan Collection code Home library Current library Date acquired Source of acquisition Cost, normal purchase price Full call number Barcode Copy number Cost, replacement price Koha item type
    Not For Loan Non-fiction D.B.Act.Division D.B.Act.Division 18/05/2015 DBAD/PUB 900.00 333.7932 MAI EN-96646 1 900.00 English Books

© Delhi Public Library
Hit Counter
free hit counter